| 000 | 00776nam a22002297a 4500 | ||
|---|---|---|---|
| 003 | OSt | ||
| 005 | 20251028100255.0 | ||
| 008 | 251028b |||||||| |||| 00| 0 eng d | ||
| 010 | _a82-082161 | ||
| 020 | _a0-89081-282-9 | ||
| 040 |
_bLibrary of Congress; _cHarvest House Publishers; |
||
| 050 |
_aBV 4501.3 .O35 1972 _bO35 1972 |
||
| 100 | _aLloyd John Ogilvie | ||
| 245 |
_aDiscovering God's Will in Your Life/ _cOgilvie, John Lloyd |
||
| 250 | _a2nd Edition | ||
| 260 |
_aEugene, Oregon _bHarvest House Publishers _c1972 |
||
| 300 |
_a175 p.: _bRed & Blue (Hard Cover) _c20.2cm _eNull |
||
| 490 |
_3Book _aGods Will in Your Life |
||
| 600 |
_aLloyd, Ogilvie; _tDiscovering God's will in Your Life |
||
| 856 | _3Book | ||
| 942 |
_2lcc _cBK _e2nd Edition _kBV _m450.3. 035 1972 _n0 |
||
| 999 |
_c9704 _d9704 |
||